| 000 | 00648nam a2200241Ia 4500 | ||
|---|---|---|---|
| 003 | OSt | ||
| 005 | 20221005064640.0 | ||
| 006 | a|||||r|||| 00| 0 | ||
| 007 | ta | ||
| 008 | 221004b |||||||| |||| 00| 0 tam d | ||
| 024 | _a64155 | ||
| 037 | _cTextual | ||
| 040 |
_aCRL _cCRL _btam |
||
| 041 |
_2tam _atam |
||
| 082 | _aO31,3NPU:g, M6 | ||
| 100 |
_aKi.Rasa Au. _9604096 |
||
| 245 | 0 | _aPuthumaipithan Kathai Manthar | |
| 260 |
_aMadurai _bPaartheeban Pathippagam India _c1986 |
||
| 300 |
_a138p. _ccm. |
||
| 650 | _aTAMIL LITERATURE | ||
| 942 |
_hO31,3NPU:g, M6 _cTEXL _2cc |
||
| 999 |
_c973422 _d973422 |
||